UBT Library

Basic marketing research / (Record no. 39355)

000 -LEADER
fixed length control field 00712cam a22002414a 4500
001 - CONTROL NUMBER
control field 13127090
005 - DATE AND TIME OF LATEST TRANSACTION
control field 20171222082531.0
008 - FIXED-LENGTH DATA ELEMENTS--GENERAL INFORMATION
fixed length control field 030318s2004 ohua b 001 0 eng
010 ## - LIBRARY OF CONGRESS CONTROL NUMBER
LC control number 2003103984
020 ## - INTERNATIONAL STANDARD BOOK NUMBER
International Standard Book Number 0324190972
040 ## - CATALOGING SOURCE
Original cataloging agency DLC
Transcribing agency DLC
Modifying agency DLC
041 ## - LANGUAGE CODE
Language code of text/sound track or separate title eng
042 ## - AUTHENTICATION CODE
Authentication code pcc
080 ## - UNIVERSAL DECIMAL CLASSIFICATION NUMBER
Universal Decimal Classification number 658.8 GIL
082 00 - DEWEY DECIMAL CLASSIFICATION NUMBER
Classification number 658.8 GIL
Edition number 22
100 1# - Rafti
Rafti 60
101 ## - Shkurtesa
Shkurtesa MAR
245 10 - TITLE STATEMENT
Title Basic marketing research /
Statement of responsibility, etc Gilbert A. Churchill, Tom J. Brown.
504 ## - BIBLIOGRAPHY, ETC. NOTE
Bibliography, etc Includes bibliographical references and index.
906 ## - LOCAL DATA ELEMENT F, LDF (RLIN)
a 7
b cbc
c orignew
d 3
e epcn
f 20
g y-gencatlg
942 ## - ADDED ENTRY ELEMENTS (KOHA)
Source of classification or shelving scheme
Item type Books
Holdings
Withdrawn status Lost status Source of classification or shelving scheme Damaged status Not for loan Permanent location Current location Date acquired Total Checkouts Full call number Barcode Date last seen Price effective from Koha item type
          UBT - Lipjan UBT - Lipjan 12/22/2017   658.8 GIL 002-2939853 12/22/2017 12/22/2017 Books
UBT Library © 2015-2024. All rights reserved University Education for Business and Technology